000 00953cam a22003017a 4500
003 CHAP
005 20220329142139.0
008 000113d1997 pe r 00010 spa d
010 _a79201
011 _a80173
035 _a90617
040 _cCHAP
090 _aFolleto 15559
100 0 0 _aGhislain, M.
_947832
245 1 0 _aBiotechnology and the potato :
_bapplications for the developing world
_c/by M. Ghislain {and others}
260 _aLima, Peru :
_bInternational Potato Center,
_c1997.
300 _a18 p.
590 _aBATCH-UPD
_b10
_c20130110
_lUCH01
_h0508
590 _aBATCH-UPD
_b10
_c20130410
_lUCH01
_h0146
590 _aBATCH-UPD
_b10
_c20130914
_lUCH01
_h0646
590 _aCONVERSION
_b10
_c20130109
_lUCH01
_h1344
650 1 4 _aBiotecnología vegetal.
_912892
650 1 4 _aPapa
_xInvestigación.
_985254
901 _aBK
905 _aLilia Sánchez G.
942 _cFOLL
949 _aFolleto 15559
_bBC
_cFOLL
_d906171
_eTS1
_i90617
_sb
999 _c79201
_d79201